Gran diccionario Cuyás : (Record no. 50457)
[ view plain ]
| 000 -LEADER | |
|---|---|
| campo de control de longitud fija | 00978nam a2200253 i 4500 |
| 001 - NÚMERO DE CONTROL | |
| campo de control | 50457 |
| 003 - IDENTIFICADOR DE NÚMERO DE CONTROL | |
| campo de control | ES-MaACL |
| 005 - FECHA Y HORA DE LA ÚLTIMA TRANSACCIÓN | |
| campo de control | 20250307123807.0 |
| 007 - CAMPO FIJO DE DESCRIPCIÓN FÍSICA--INFORMACIÓN GENERAL | |
| campo de control de longitud fija | t| |
| 008 - DATOS DE LONGITUD FIJA--INFORMACIÓN GENERAL | |
| campo de control de longitud fija | 030804s1969 sp ||||1| spa d |
| 100 1# - ENTRADA PRINCIPAL--NOMBRE DE PERSONA | |
| Nombre de persona | Cuyás Armengol, Arturo. |
| 9 (RLIN) | 148645 |
| 245 10 - MENCIÓN DEL TÍTULO | |
| Título | Gran diccionario Cuyás : |
| Resto del título | inglés-español, español-inglés / |
| Mención de responsabilidad, etc. | por Arturo y Antonio Cuyás. |
| 250 ## - MENCION DE EDICION | |
| Mención de edición | Nueva ed. corr. y aum. por Mauricio Bohigas y Rosell. |
| 260 ## - PUBLICACIÓN, DISTRIBUCIÓN, ETC. | |
| Lugar de publicación, distribución, etc. | Barcelona : |
| Nombre del editor, distribuidor, etc. | Hymsa, |
| Fecha de publicación, distribución, etc. | 1969. |
| 300 ## - DESCRIPCIÓN FÍSICA | |
| Extensión | 2 t. en 1 v. ; |
| Dimensiones | 23 cm. |
| 650 #4 - PUNTO DE ACCESO ADICIONAL DE MATERIA--TÉRMINO DE MATERIA | |
| Término de materia o nombre geográfico como elemento de entrada | Lengua inglesa- |
| Subdivisión de forma | Diccionarios- |
| Subdivisión general | Español. |
| 9 (RLIN) | 14270 |
| 650 #4 - PUNTO DE ACCESO ADICIONAL DE MATERIA--TÉRMINO DE MATERIA | |
| Término de materia o nombre geográfico como elemento de entrada | Lengua española- |
| Subdivisión de forma | Diccionarios- |
| Subdivisión general | Inglés. |
| 9 (RLIN) | 14142 |
| 700 1# - ENTRADA AGREGADA--NOMBRE PERSONAL | |
| Nombre de persona | Cuyás Armengol, Antonio. |
| 9 (RLIN) | 148646 |
| 700 1# - ENTRADA AGREGADA--NOMBRE PERSONAL | |
| Nombre de persona | Bohigas y Rosell, Mauricio. |
| 9 (RLIN) | 29822 |
| 852 4# - LOCALIZACIÓN | |
| Ubicación | ES-MaACL |
| itemnumber | 52383 |
| Sublocalización o colección | R.79208 |
| Número de control de estantería | G-16096 |
| Ubicación en estantería | Depósito 2 |
| Signatura antigua | Olim: A-5480 |
| 852 4# - LOCALIZACIÓN | |
| Ubicación | ES-MaACL |
| Sublocalización o colección | R.55150 |
| Número de control de estantería | G-16103 |
| Ubicación en estantería | Depósito 2 |
| Signatura antigua | Olim: A-5386 |
| Encuadernación | Encuadernación tapa dura |
| 942 ## - ELEMENTOS DE ENTRADA SECUNDARIOS (KOHA) | |
| Fuente del sistema de clasificación o colocación | Clasificación decimal universal |
| Tipo de ítem Koha | Libro impreso |
| Suprimir en OPAC | No |
| Estatus retirado | Estado de pérdida | Fuente del sistema de clasificación o colocación | Estado de daño | No para préstamo | Colección | Biblioteca de origen | Biblioteca actual | Ubicación en estantería | Fecha de adquisición | Total de préstamos | Signatura topográfica completa | Código de barras | Visto por última vez | Precio de reemplazo | Tipo de ítem Koha |
|---|---|---|---|---|---|---|---|---|---|---|---|---|---|---|---|
| Clasificación decimal universal | Colección de referencia | Biblioteca del Ateneo de Madrid | Biblioteca del Ateneo de Madrid | Depósito 2 | 17/01/2008 | G-16103 | 1053076 | 23/02/2023 | 23/02/2023 | Libro impreso |
